Agypten : Kunst-u. Reisefuhrer mit Landeskunde /

Saved in:

Main Author: Brunner-Traut, Emma (Author)

Other Authors: Jacobi, Renate.

Format: Book

Language: German

Published: Stuttgart : Kohlhammer, 1986.

Edition: 5., erw. u. verb. Aufl.

Subjects:

Tags: Add Tag

No Tags, Be the first to tag this record!

Call Number: DT56 .B7 1986

LEADER 00895nam a2200265Ia 4500
003 OSt
005 20260329103823.0
008 211223s1986 gw ab b 00 0 ger d
020 |a 3170090372 
040 |c ARCE Library 
050 4 |a DT56 .B7 1986 
100 1 |a Brunner-Traut, Emma,   |e author 
245 1 0 |a Agypten :   |b Kunst-u. Reisefuhrer mit Landeskunde /   |c Emma Brunner-Traut, mit e. Beitr. von Renate Jacobi. 
250 |a 5., erw. u. verb. Aufl.  
264 1 |a Stuttgart :   |b Kohlhammer,   |c 1986. 
300 |a xxiii, 834 p. :   |b ill., maps (some col.) ;   |c 19 cm. 
500 |a Includes index. 
500 |a Map in pocket. 
504 |a "Bücher der Verfasserin, die dem Reisenden empfohlen seien": p. 784. 
651 0 |a Egypt   |x Description and travel   |v Guidebooks. 
651 0 |a Egypt   |x Antiquities. 
700 1 |a Jacobi, Renate. 
901 |a reviewed 
942 |2 lcc  |c BK 
999 |c 41170  |d 41170